000 00830cam a22002891 4500
001 61233
005 20230410115827.0
008 751002s1967 fr b 000 0 fre
035 _a10357728
035 _9(DLC) 67081652
010 _a 67081652
015 _aF***
035 _a(OCoLC)1670756
040 _aDLC
_cFM
_dOCoLC
_dCChiS
_dOCoLC
_dDLC
042 _apremarc
050 1 4 _aHM19
_b.A769e 1967
082 _a301.09
100 1 _aAron, Raymond,
_d1905-1983.
245 0 4 _aLes Etapes de la pensée sociologique. Montesquieu. Comte. Marx. Tocqueville. Durkheim. Pareto. Weber.
260 _a[Paris]
_bGallimard,
_c1967.
300 _a664 p.
_c23 cm.
504 _aIncludes bibliographies.
650 0 _aSociology
_xHistory.
942 _2lcc
_cbk
985 _eOCLC REPLACEMENT cdsdistr
946 _aLspaulino
999 _c48740
_d48740